Estructuras de Datos en C++

Bibliographic Details
Main Authors: Joyanes Aguilar, Luis., Zahonero Martínez, Ignacio
Format: Section = Libro
Language:Undetermined
Spanish
Published: España McGraw-Hill 2007
Subjects:
LEADER 00696nam a2200241Ia 4500
008 240830s9999 xx 000 0 und d
020 |a 978-84-481-5645-9 
040 |a CEDOC FIQ-RUSB / 005.73 J88 
041 |a spa 
082 |a 005.73 J88 
100 1 |a Joyanes Aguilar, Luis. 
100 1 |b Zahonero Martínez, Ignacio 
245 1 0 |a Estructuras de Datos en C++ 
260 |a España  |b McGraw-Hill  |c 2007 
300 |a 611 p. :il 
650 7 |a ESTRUCTURA DE DATOS 
650 7 |b  ALGORITMOS, ESTRUCTURAS DE DATOS - PROGRAMAS 
650 7 |c  ANALISIS DE ALGORITMOS 
650 7 |d  ARCHIVOS Y ALGORITMOS 
650 7 |e  PILAS, COLAS, ARBOLES, GRAFOS 
942 |c BK  |2 ddc 
991 |a TEXTO 
999 |c 13312